ბათუმის შოთა რუსთაველის სახელმწიფო უნივერსიტეტის ბიბლიოთეკა

ჰიდროტექნიკურ ნაგებობათა სეისმომედეგობა : (ბიბ.ჩანაწერი № 39197)

000 -ლიდერი
ფიქსირებული სიგრძის საკონტროლო ველი 01032nam a2200229Ia 4500
001 - საკონტროლო ნომერი
საკონტროლო ველი 5783
003 - საკონტროლო ნომრის იდენტიფიკატორი
საკონტროლო ველი GE_BSU
005 - ბოლო ოპერაციის თარიღი და დრო
საკონტროლო ველი 20190529143241.0
008 - ფიქსირებული სიგრძის მონაცემთა ელემენტები - ზოგადი ინფორმაცია
ფიქსირებული სიგრძის საკონტროლო ველი 181216sge ||||xx |||||||||||||| ||geo||
040 ## - კატალოგიზაციის წყარო
Transcribing agency GE_BSU
041 ## - ენის კოდი
Language code of text/sound track or separate title geo
080 ## - უნივერსალური ათობითი კლასიფიკაციის ინდექსი
Universal Decimal Classification number 626/627 + 699.841 მ-89
100 ## - მთავარი ჩანაწერი - პიროვნების სახელი
Personal name მოწონელიძე, ნ.
9 (RLIN) 1084
245 ## - ცნობა სათაურის შესახებ
Title ჰიდროტექნიკურ ნაგებობათა სეისმომედეგობა :
Remainder of title დამხმ. სახელმძღ. /
Statement of responsibility, etc ნ. მოწონელიძე ; რედ. ე.გიორგაძე.
264 ## - წარმოების, გამოცემის, დისტრიბუციის და სხვა ცნობები
გამოცემის, წარმოების, დისტრიბუციის... ადგილი თბილისი :
გამოცემის, წარმოების, დისტრიბუციის... სახელწოდება სპი,
გამოცემის, წარმოების, დისტრიბუციის... თარიღი 1986.
300 ## - ფიზიკური აღწერა
Extent 78გვ;20სმ;ბიბლიოგრ.:გვ.76.
300 ## - ფიზიკური აღწერა
Accompanying material ნახაზ.
504 ## - BIBLIOGRAPHY, ETC. NOTE
Bibliography, etc ბიბლიოგრ. : გვ.76.
653 ## - INDEX TERM--UNCONTROLLED
Uncontrolled term ჰიდროტექნიკურ ნაგებობათა სეისმომედეგობა
700 ## - ADDED ENTRY--PERSONAL NAME
Personal name გიორგაძე, ე.
Relator term რედაქტორი
9 (RLIN) 398
942 ## - ADDED ENTRY ELEMENTS (KOHA)
Koha item type წიგნი
Source of classification or shelving scheme
ეგზემპლარები
ჩამოწერის სტატუსი დაკარგული ეგზემპლარის სტატუსი კლასიფიკაციის წყარო ან თაროზე გაწყობის სქემა დაზიანების სტატუსი არ გაიცემა მუდმივი მდებარეობა (დაცვის ადგილი) ამჟამინდელი ადგილსამყოფელი თაროზე განთავსების ადგილი შეძენის თარიღი ღირებულება, შესყიდვის ნორმალური ფასი სრული შენახვის შიფრი შტრიხკოდი ბოლო ოპერაციის თარიღი ეგზემპლარის მიმდევრობითი ნომერი (კეტერი?) ფასის ძალაში შესვლის თარიღი ეგზემპლარის სახეობა საჯარო შენიშვნა
          ტექნოლოგიური ფაკულტეტის ბიბლიოთეკა ტექნოლოგიური ფაკულტეტის ბიბლიოთეკა წიგნსაცავი 2018-12-17 0.28 626/627 + 699.841 მ-89 12016 2018-12-17 12016 2018-12-17 წიგნი 0.28 ლ.
          ტექნოლოგიური ფაკულტეტის ბიბლიოთეკა ტექნოლოგიური ფაკულტეტის ბიბლიოთეკა წიგნსაცავი 2018-12-17 0.28 626/627 + 699.841 მ-89 12017 2018-12-17   2018-12-17 წიგნი 0.28 ლ.
          ტექნოლოგიური ფაკულტეტის ბიბლიოთეკა ტექნოლოგიური ფაკულტეტის ბიბლიოთეკა წიგნსაცავი 2018-12-17 0.28 626/627 + 699.841 მ-89 12018 2018-12-17 12018 2018-12-17 წიგნი 0.28 ლ.
          ტექნოლოგიური ფაკულტეტის ბიბლიოთეკა ტექნოლოგიური ფაკულტეტის ბიბლიოთეკა წიგნსაცავი 2018-12-17 0.28 626/627 + 699.841 მ-89 12019 2018-12-17 12019 2018-12-17 წიგნი 0.28 ლ.
          ტექნოლოგიური ფაკულტეტის ბიბლიოთეკა ტექნოლოგიური ფაკულტეტის ბიბლიოთეკა წიგნსაცავი 2018-12-17 0.28 626/627 + 699.841 მ-89 12020 2018-12-17 12020 2018-12-17 წიგნი 0.28 ლ.